Wiejski Komorów

Titel: Wiejski Komorów : z dokumentów i archiwów / Tomasz Terlecki
Verfasser:
Veröffentlicht: Warszawa : Studio Bąk, 2009
Format: Buch
Sprache: Polnisch
Schriftenreihe/
mehrbändiges Werk:
Biblioteka SPK Komorowianie
Schlagworte:
ISBN: 9788392890720
Kein Bild verfügbar
X
alg: 39565146
001A    $01999:12-11-16 
001B    $03004:06-05-22 $t13:32:43.000 
001D    $03004:04-05-22 
001U    $0utf8 
001X    $00 
002@    $0Aay 
003@    $0395651468 
003O    $0643084563 $aOCoLC 
004D    $A978-83-928907-2-0 
007A    $0395651468 $aHEB 
007T    $0Herdkk00019093 
010@    $apol 
011@    $a2009 
021A    $aWiejski Komorów $dz dokumentów i archiwów $hTomasz Terlecki 
028A    $BVerfasser $4aut $8Terlecki, Tomasz [Tnu] $9494189061 
033A    $pWarszawa $nStudio Bąk 
036G    $aBiblioteka SPK Komorowianie 
044K    $RWoiwodschaft Masowien $#Masowien $#Mazowsze $74037853-6 $8Masowien [Tg1] $9085103284 
044K    $RAlltag $#Country life $#Vie rurale $#Vida rural $#Dorfleben $#Dorf Alltag $#Ländlicher Raum Alltag $#Country life $74034309-1 $8Landleben [Ts1] $9085092126 
044K    $RGroßgrundbesitz $RLatifundium $RLandwirtschaftlicher Großbetrieb $#Manors $#Landgut $#Gutshof $#Güter Landwirtschaft $#Landgüter $#Gutshöfe $74158572-0 $8Gut$gLandwirtschaft [Ts1] $9085685941 
045F    $a907.209438 $eDDC23BSB 
045F/01 $a907.2 
045F/03 $g438 
045G    $a307.09438 $eDDC23BSB 
045G/01 $a307.09 
045G/03 $g438 
045R    $aGeschichte 
046C    $agarść wiadomości o historii $bTitelzusatz auf der Schmutztitelseite 

lok: 39565146 24

exp: 39565146 24 1 #EPN
201B/01 $001-07-22 $t15:13:53.000 
201C/01 $004-05-22 
201U/01 $0utf8 
203@/01 $01198937262 
208@/01 $a04-05-22 $bz 
209A/01 $a22.03349 $du $f050 $h22 03349 $x00 
209C/01 $a22.03349 T $h22 03349 T 
209G/01 $a74527710 $x00 
220C/01 $ajwa 
247C/01 $8358050-7 Marburg, Bibliothek des Herder-Instituts Marburg $9102600961 

lok: 39565146 78

exp: 39565146 78 1 #EPN
201B/01 $018-11-16 $t15:38:12.000 
201U/01 $0utf8 
203@/01 $0792306538 
208@/01 $a12-11-16 $be 
209A/01 $a/ $f000 $x00 
220C/01 $aTitelaufnehmer: pbb 
220C/01 $aHerkunft: PBB/IH PAN 
220C/01 $aAnmerkung: *uA 
244Z/01 $2Trx $#Poola $#Lenkija $#Polija $#Polen Land $#Poland $#Lengyelország $#Poľsko $#Polsko $8--Trx--Polska$gkraj $x01 $9391345966 
244Z/01 $2Trx $8--Trx--Komorów$gPruszków $x02 $9391352032 
244Z/01 $2Trx $#ülevaated kohad $#vietovės bendras $#overview cities $#ábrázolások, átfogó helyek $#miejscowości poszczególne $#dejiny miestne $#dějiny místní $#Ortsgeschichte $#Städte $#Orte $#miasta $#miestne dejiny $8--Trx--Darstellungen, übergreifende$gOrte $x03 $9391384228 
244Z/01 $2Trx $8--Trx--Monographie $x04 $9391384546 
245Z/01 $a13.03 $x01 
245Z/01 $a06.01 $x02 
247C/01 $82080>Marburg/Lahn, Herder-Institut, Forschungsbibliothek, Bibliographieportal $9336309341
LEADER 00000cam a22000002c 4500
001 395651468
003 DE-603
005 20220506133243.0
007 tu
008 161112s2009 xx |||| | u00||u|pol c
020 |z 9788392890720 
035 |a (DE-599)HEB395651468 
035 |a (OCoLC)643084563 
040 |a DE-603  |b ger  |c DE-603  |d DE-603 
041 |a pol 
082 0 4 |8 1\u  |a 907.209438  |q DE-101  |2 23/BSB 
083 0 |8 2\u  |a 307.09438  |q DE-101  |2 23/BSB 
085 |8 1\u  |b 907.2 
085 |8 1\u  |z 2  |s 438 
085 |8 2\u  |b 307.09 
085 |8 2\u  |z 2  |s 438 
100 1 |a Terlecki, Tomasz  |e Verfasser  |4 aut  |0 (DE-603)494189061 
245 0 0 |a Wiejski Komorów  |b z dokumentów i archiwów  |c Tomasz Terlecki 
246 1 |i Titelzusatz auf der Schmutztitelseite  |a garść wiadomości o historii 
264 1 |a Warszawa  |b Studio Bąk  |c 2009 
490 0 |a Biblioteka SPK Komorowianie 
648 7 |a Geschichte  |2 gnd 
650 7 |a Landleben  |0 (DE-588)4034309-1  |0 (DE-603)085092126  |2 gnd 
650 7 |a Gut  |g Landwirtschaft  |0 (DE-588)4158572-0  |0 (DE-603)085685941  |2 gnd 
651 7 |a Masowien  |0 (DE-588)4037853-6  |0 (DE-603)085103284  |2 gnd 
924 0 |9 Mb 50  |a (DE-603)1198937262  |b DE-Mb50  |c HES  |d c  |g 22.03349 
924 0 |9 2080  |a (DE-603)792306538  |b DE-2080  |c HES  |d d  |g /